000 00462nam a22001697a 4500
003 NUST - PNEC
005 20170116181143.0
008 151008b xxu||||| |||| 00| 0 eng d
020 _a0039103463
040 _cLIBRARY
082 _a621.31913 MAD
100 _914840
_aMaddock, R. J.
245 _aPoles and zeros in electrical and control engineering
_cR. J.Maddock
260 _cc 1982
650 _914841
_aRoot-locus method
_xGeneral
942 _2ddc
_cBK
999 _c70598
_d70598